| 000 | 00000nam 2200000zi 4500 |
| 001 | 9.895111 |
| 003 | CaOODSP |
| 005 | 20250121091805 |
| 006 | m o d f |
| 007 | cr bn||||||||| |
| 008 | 210107e197501##onc obu f000 0 eng d |
| 040 | |aCaOODSP|beng|erda|cCaOODSP |
| 043 | |an-cn--- |
| 086 | 1 |aNR24-28/5-1975E-PDF |
| 245 | 00|aList of standards referenced in the National Building Code of Canada 1975 and its associated codes. |
| 264 | 1|aOttawa : |bAssociate Committee on the National Building Code of Canada, National Research Council Canada = Comité associé du Code national du bâtiment du Canada, Conseil national de recherches Canada, |cJanuary 1975. |
| 300 | |a1 online resource (42 pages) |
| 336 | |atext|btxt|2rdacontent |
| 337 | |acomputer|bc|2rdamedia |
| 338 | |aonline resource|bcr|2rdacarrier |
| 500 | |aCover title. |
| 504 | |aIncludes bibliographical references. |
| 520 | |a"This list identifies all the Standards that are directly referenced in the 1975 edition of the National Building Code and its associated Codes, and replaces the listing of Materials Standards formerly included in Part 5 of the 1970 edition of the National Building Code"--Preface, page 3. |
| 650 | 0|aBuilding laws|zCanada. |
| 650 | 0|aBuildings|xStandards|zCanada. |
| 650 | 6|aConstruction|xDroit|zCanada|vCodes. |
| 650 | 6|aConstructions|xNormes|zCanada. |
| 710 | 2 |aNational Research Council of Canada. |bAssociate Committee on the National Building Code, |eissuing body. |
| 856 | 40|qPDF|s840 KB|uhttps://publications.gc.ca/collections/collection_2025/cnrc-nrc/NR24-28-5-1975-eng.pdf |
| 986 | |a14394 |